[Event "Irish New Year Events-GM 2020"]
[Site "Dublin"]
[Date "2020.01.04"]
[Round "4.3"]
[White "Kosten, Anthony C."]
[Black "Fitzsimons, David"]
[Result "0-1"]
[WhiteElo "2402"]
[BlackElo "2317"]
[Annotator "ChessBase"]
[PlyCount "52"]
[EventDate "2020.01.02"]
[EventType "tourn"]
[EventCountry "IRL"]
[SourceTitle "playchess.com"]
[Source "ChessBase"]
[SourceQuality "1"]
[TimeControl "5400+30"]

1. c4 {[%emt 0:00:15]} Nf6 {[%emt 0:01:07]} 2. g3 {[%emt 0:00:19]} g6 {[%emt 0:00:16]} 3. Bg2 {[%emt 0:02:11]} Bg7 {[%emt 0:00:07]} 4. Nc3 {[%emt 0:00:06]} O-O {[%emt 0:00:39]} 5. e3 {[%emt 0:01:13]} d6 {[%emt 0:01:17]} 6. Nge2 {[%emt 0:00:26]} e5 {[%emt 0:00:23]} 7. O-O {[%emt 0:01:13]} Nc6 {[%emt 0:01:39]} 8. h3 {[%emt 0:00:49]} Be6 {[%emt 0:02:35]} 9. Nd5 {[%emt 0:00:25]} Ne7 {[%emt 0:01:16]} 10. Nxe7+ {[%emt 0:07:24]} Qxe7 {[%emt 0:00:08]} 11. b3 {[%emt 0:00:27]} Qd7 {[%emt 0:04:00]} 12. Kh2 {[%emt 0:06:19]} d5 {[%emt 0:04:49]} 13. d4 {[%emt 0:00:25]} exd4 {[%emt 0:06:31]} 14. Nxd4 {[%emt 0:01:57]} dxc4 {[%emt 0:01:20]} 15. Ba3 {[%emt 0:01:44]} Rfd8 {[%emt 0:11:35]} 16. Bxb7 {[%emt 0:02:46]} Bxh3 {[%emt 0:00:32]} 17. Bxa8 {[%emt 0:16:17]} Bxf1 {[%emt 0:00:15]} 18. Qxf1 {[%emt 0:01:28]} Rxa8 {[%emt 0:00:16]} 19. Qxc4 {[%emt 0:02:05]} Ng4+ {[%emt 0:02:03]} 20. Kg2 {[%emt 0:05:03]} Ne5 {[%emt 0:01:03]} 21. Qb5 {[%emt 0:15:30]} c6 {[%emt 0:01:03]} 22. Qa5 {[%emt 0:01:15]} Qg4 {[%emt 0:02:36]} 23. Rc1 {[%emt 0:14:42]} Qe4+ {[%emt 0:04:56]} 24. Kg1 {[%emt 0:02:01]} h5 {[%emt 0:04:25]} 25. Bd6 {[%emt 0:08:32]} Ng4 {[%emt 0:06:43]} 26. Bc5 {[%emt 0:06:01]} Nxe3 {[%emt 0:00:47]} 0-1

[Event "Irish New Year Events-GM 2020"]
[Site "Dublin"]
[Date "2020.01.04"]
[Round "4.4"]
[White "Collins, Sam E."]
[Black "Pert, Nicholas"]
[Result "1/2-1/2"]
[WhiteElo "2446"]
[BlackElo "2558"]
[Annotator "TA"]
[PlyCount "46"]
[EventDate "2020.01.02"]
[EventType "tourn"]
[EventCountry "IRL"]
[SourceTitle "playchess.com"]
[Source "ChessBase"]
[SourceQuality "1"]

{[%evp 14,46,30,19,26,0,1,0,14,4,16,0,0,0,0,0,1,0,-1,-18,-9,-2,-10,-10,0,0,0,0,0,-8,0,0,0,0,0]} 1. e4 c5 2. Nf3 Nc6 3. Bb5 g6 4. O-O Bg7 5. Re1 e5 6. Bxc6 dxc6 7. d3 Qe7 8. a3 {[%cal Ba2a3,Ba3a4,Ba4a5][%mdl 32]} Nf6 {B31: Sicilian: 2...Nc6 3 Bb5 g6} 9. b4 O-O {The position is equal.} 10. bxc5 Qxc5 11. a4 {White wants to play Ba3.} Re8 12. Ba3 Qa5 13. Nbd2 Be6 14. Qb1 {[#]} Bh6 $146 ({Predecessor:} 14... Nd7 15. Bb4 Qd8 16. a5 h5 17. Qb2 Qc7 18. Bc3 {0-1 (32) Blohberger,F (2459)-Korobov,A (2686) Skopje 2019}) 15. Bb4 Qc7 16. a5 Nd7 17. Qb2 f6 18. h3 Bf7 19. Nf1 b5 20. axb6 axb6 21. Bd2 Bg7 22. Rxa8 Rxa8 23. Ra1 Qb7 {Accuracy: White = 56%, Black = 72%.} 1/2-1/2

[Event "Irish New Year Events-GM 2020"]
[Site "Dublin"]
[Date "2020.01.04"]
[Round "4.5"]
[White "Turner, Matthew J"]
[Black "Pajeken, Jakob Leon"]
[Result "1/2-1/2"]
[WhiteElo "2521"]
[BlackElo "2327"]
[Annotator "RC"]
[PlyCount "50"]
[EventDate "2020.01.02"]
[EventType "tourn"]
[EventCountry "IRL"]
[SourceTitle "playchess.com"]
[Source "ChessBase"]
[SourceQuality "1"]
[TimeControl "5400+30"]

1. e4 {[%emt 0:00:00]} e5 {[%emt 0:00:00]} 2. Nf3 {[%emt 0:00:00]} Nc6 {[%emt 0:00:00]} 3. Bb5 {[%emt 0:00:10]} a6 {[%emt 0:00:00]} 4. Bxc6 {[%emt 0:00:39]} dxc6 {[%emt 0:00:18]} 5. O-O {[%emt 0:00:18]} Qf6 {[%emt 0:00:46]} 6. d4 {[%emt 0:01:12]} exd4 {[%emt 0:00:09]} 7. Bg5 {[%emt 0:00:33]} Qd6 {[%emt 0:00:27]} 8. Nxd4 {[%emt 0:01:17]} Bd7 {[%emt 0:00:43]} 9. Nc3 {[%emt 0:18:19]} Ne7 {[%emt 0:00:31]} 10. Nb3 {[%emt 0:21:44]} Qxd1 {[%emt 0:05:44]} 11. Raxd1 {[%emt 0:00:19]} f6 {[%emt 0:04:17]} 12. Bf4 {[%emt 0:07:52]} O-O-O {[%emt 0:00:15]} 13. Nc5 {[%emt 0:00:40]} Ng6 {[%emt 0:09:39]} 14. Rxd7 {[%emt 0:01:35]} Rxd7 {[%emt 0:00:49]} 15. Nxd7 {[%emt 0:00:04]} Kxd7 {[%emt 0:00:48]} 16. Rd1+ {[%emt 0:00:35]} Bd6 {[%emt 0:00:36]} 17. Bg3 {[%emt 0:00:33]} h5 {[%emt 0:03:25]} 18. Na4 {[%emt 0:05:12]} Ke7 {[%emt 0:00:48]} 19. Bxd6+ {[%emt 0:00:31]} cxd6 {[%emt 0:00:10]} 20. Nb6 {[%emt 0:00:22]} Kd8 {[%emt 0:05:41]} 21. Nc4 {[%emt 0:05:01]} Kc7 {[%emt 0:00:13]} 22. f3 {[%emt 0:00:16]} Ne5 {[%emt 0:02:36]} 23. Ne3 {[%emt 0:00:08]} b5 {[%emt 0:02:51]} 24. Kf2 {[%emt 0:01:23]} g6 {[%emt 0:01:15]} 25. Rd4 {[%emt 0:03:31]} Rb8 {[%emt 0:08:10]} 1/2-1/2

[Event "Irish New Year Events-GM 2020"]
[Site "Dublin"]
[Date "2020.01.04"]
[Round "5.1"]
[White "Li, Henry"]
[Black "Pert, Nicholas"]
[Result "1/2-1/2"]
[WhiteElo "2288"]
[BlackElo "2558"]
[Annotator "RC"]
[PlyCount "93"]
[EventDate "2020.01.02"]
[EventType "tourn"]
[EventCountry "IRL"]
[SourceTitle "playchess.com"]
[Source "ChessBase"]
[SourceQuality "1"]
[TimeControl "5400+30"]

1. e4 {[%emt 0:00:32]} c5 {[%emt 0:00:00]} 2. Nf3 {[%emt 0:00:14]} Nc6 {[%emt 0:00:00]} 3. d4 {[%emt 0:00:07]} cxd4 {[%emt 0:00:00]} 4. Nxd4 {[%emt 0:00:05]} e5 {[%emt 0:00:00]} 5. Nb5 {[%emt 0:00:28]} d6 {[%emt 0:00:03]} 6. N1c3 {[%emt 0:00:31]} a6 {[%emt 0:00:07]} 7. Na3 {[%emt 0:00:10]} Be7 {[%emt 0:00:14]} 8. Be3 {[%emt 0:03:09]} Nf6 {[%emt 0:03:10]} 9. Nc4 {[%emt 0:00:55]} b5 {[%emt 0:00:53]} 10. Nb6 {[%emt 0:00:13]} Rb8 {[%emt 0:00:08]} 11. Nxc8 {[%emt 0:00:13]} Qxc8 {[%emt 0:00:04]} 12. Be2 {[%emt 0:00:42]} O-O {[%emt 0:00:58]} 13. O-O {[%emt 0:00:08]} b4 {[%emt 0:03:10]} 14. Nd5 {[%emt 0:00:10]} Nxe4 {[%emt 0:00:10]} 15. a4 {[%emt 0:00:07]} a5 {[%emt 0:02:03]} 16. Bb5 {[%emt 0:07:49]} Bd8 {[%emt 0:01:47]} 17. Rc1 {[%emt 0:19:09]} Ne7 {[%emt 0:02:36]} 18. c3 {[%emt 0:04:57]} bxc3 {[%emt 0:04:35]} 19. f3 {[%emt 0:02:45]} Nxd5 {[%emt 0:17:03]} 20. Qxd5 {[%emt 0:00:26]} Nf6 {[%emt 0:00:08]} 21. Qxd6 {[%emt 0:01:59]} Bc7 {[%emt 0:00:39]} 22. Qa3 {[%emt 0:02:33]} Nd5 {[%emt 0:07:29]} 23. Bc5 {[%emt 0:03:05]} Bb6 {[%emt 0:09:33]} 24. Bxb6 {[%emt 0:00:17]} Rxb6 {[%emt 0:00:03]} 25. Rfd1 {[%emt 0:07:20]} Rd8 {[%emt 0:06:39]} 26. bxc3 {[%emt 0:03:36]} h5 {[%emt 0:02:08]} 27. Rd2 {[%emt 0:08:02]} Ne3 {[%emt 0:10:36]} 28. Re2 {[%emt 0:02:57]} Nc4 {[%emt 0:01:06]} 29. Qa2 {[%emt 0:05:32]} Qc5+ {[%emt 0:01:30]} 30. Kh1 {[%emt 0:00:12]} Na3 {[%emt 0:01:21]} 31. c4 {[%emt 0:06:13]} Rbd6 {[%emt 0:02:19]} 32. Qa1 {[%emt 0:00:54]} Rd4 {[%emt 0:01:51]} 33. h3 {[%emt 0:01:15]} f6 {[%emt 0:02:04]} 34. Ra2 {[%emt 0:03:22]} Rd2 {[%emt 0:04:44]} 35. Rxd2 {[%emt 0:00:39]} Rxd2 {[%emt 0:00:06]} 36. Qc3 {[%emt 0:05:24]} Qf2 {[%emt 0:01:54]} 37. Rg1 {[%emt 0:00:05]} Nc2 {[%emt 0:00:10]} 38. c5 {[%emt 0:01:41]} Ne3 {[%emt 0:12:03]} 39. c6 {[%emt 0:02:12]} Rd1 {[%emt 0:01:21]} 40. Qb3+ {[%emt 0:01:16]} Kh7 {[%emt 0:02:24]} 41. Qxd1 {[%emt 0:01:44]} Nxd1 {[%emt 0:00:04]} 42. Rxd1 {[%emt 0:00:19]} Qc5 {[%emt 0:00:14]} 43. Kh2 {[%emt 0:04:31]} f5 {[%emt 0:01:01]} 44. Rd7 {[%emt 0:04:02]} e4 {[%emt 0:03:32]} 45. fxe4 fxe4 {[%emt 0:00:30]} 46. c7 {[%emt 0:01:00]} e3 {[%emt 0:00:30]} 47. Ba6 {[%emt 0:00:00]} 1/2-1/2

[Event "Irish New Year Events-GM 2020"]
[Site "Dublin"]
[Date "2020.01.04"]
[Round "5.2"]
[White "Fitzsimons, David"]
[Black "Pajeken, Jakob Leon"]
[Result "1/2-1/2"]
[WhiteElo "2317"]
[BlackElo "2327"]
[Annotator "NA"]
[PlyCount "52"]
[EventDate "2020.01.02"]
[EventType "tourn"]
[EventCountry "IRL"]
[SourceTitle "playchess.com"]
[Source "ChessBase"]
[SourceQuality "1"]
[TimeControl "5400+30"]

1. e4 {[%emt 0:00:00]} e5 {[%emt 0:00:00]} 2. Nf3 {[%emt 0:00:00]} Nc6 {[%emt 0:00:00]} 3. Nc3 {[%emt 0:00:05]} Nf6 {[%emt 0:00:05]} 4. Bb5 {[%emt 0:00:15]} Bd6 {[%emt 0:00:19]} 5. d3 {[%emt 0:00:11]} h6 {[%emt 0:01:25]} 6. a3 {[%emt 0:00:20]} a6 {[%emt 0:00:58]} 7. Ba4 {[%emt 0:00:51]} b5 {[%emt 0:16:15]} 8. Bb3 {[%emt 0:00:33]} Bb7 {[%emt 0:04:54]} 9. h3 {[%emt 0:03:18]} Be7 {[%emt 0:05:45]} 10. Bd2 {[%emt 0:06:57]} d6 {[%emt 0:02:24]} 11. Nd5 {[%emt 0:00:41]} Nxd5 {[%emt 0:01:19]} 12. Bxd5 {[%emt 0:00:49]} Bf6 {[%emt 0:03:18]} 13. a4 {[%emt 0:08:53]} Qc8 {[%emt 0:03:10]} 14. c4 {[%emt 0:08:26]} Na7 {[%emt 0:08:11]} 15. cxb5 {[%emt 0:09:54]} axb5 {[%emt 0:01:57]} 16. Qb3 {[%emt 0:02:21]} O-O {[%emt 0:01:19]} 17. axb5 {[%emt 0:05:41]} Nxb5 {[%emt 0:00:51]} 18. O-O {[%emt 0:00:37]} c6 {[%emt 0:02:32]} 19. Rxa8 {[%emt 0:01:39]} Qxa8 {[%emt 0:01:05]} 20. Bc4 {[%emt 0:00:10]} Nc7 {[%emt 0:05:17]} 21. Bb4 {[%emt 0:05:02]} c5 {[%emt 0:03:42]} 22. Bc3 {[%emt 0:00:25]} Bc6 {[%emt 0:05:57]} 23. Qb6 {[%emt 0:03:30]} Ne6 {[%emt 0:02:25]} 24. b4 {[%emt 0:07:10]} Rb8 {[%emt 0:03:39]} 25. Qa5 {[%emt 0:00:16]} cxb4 {[%emt 0:01:03]} 26. Bxb4 {[%emt 0:00:05]} Qxa5 {[%emt 0:01:31]} 1/2-1/2

[Event "Irish New Year Events-GM 2020"]
[Site "Dublin"]
[Date "2020.01.04"]
[Round "5.3"]
[White "Astaneh Lopez, Alex"]
[Black "Turner, Matthew J"]
[Result "1/2-1/2"]
[WhiteElo "2432"]
[BlackElo "2521"]
[Annotator "ChessBase"]
[PlyCount "28"]
[EventDate "2020.01.02"]
[EventType "tourn"]
[EventCountry "IRL"]
[SourceTitle "playchess.com"]
[Source "ChessBase"]
[SourceQuality "1"]
[TimeControl "5400+30"]

1. Nf3 {[%emt 0:03:08]} Nf6 {[%emt 0:00:00]} 2. g3 {[%emt 0:00:19]} c5 {[%emt 0:05:05]} 3. Bg2 {[%emt 0:00:29]} Nc6 {[%emt 0:00:05]} 4. c4 {[%emt 0:01:02]} g6 {[%emt 0:01:32]} 5. O-O {[%emt 0:01:55]} Bg7 {[%emt 0:00:04]} 6. d4 {[%emt 0:00:07]} cxd4 {[%emt 0:03:43]} 7. Nxd4 {[%emt 0:00:14]} O-O {[%emt 0:00:37]} 8. Nc3 {[%emt 0:01:08]} Nxd4 {[%emt 0:00:45]} 9. Qxd4 {[%emt 0:00:06]} d6 {[%emt 0:00:04]} 10. Qh4 {[%emt 0:04:51]} Rb8 {[%emt 0:04:17]} 11. Rd1 {[%emt 0:04:37]} Qa5 {[%emt 0:02:52]} 12. Bd2 {[%emt 0:03:54]} Qf5 {[%emt 0:06:55]} 13. e4 {[%emt 0:05:52]} Qg4 {[%emt 0:00:40]} 14. Qxg4 {[%emt 0:00:53]} Bxg4 {[%emt 1:10:21]} 1/2-1/2

[Event "Irish New Year Events-GM 2020"]
[Site "Dublin"]
[Date "2020.01.04"]
[Round "5.4"]
[White "Ryan, Joseph"]
[Black "Collins, Sam E."]
[Result "0-1"]
[WhiteElo "2293"]
[BlackElo "2446"]
[Annotator "TA"]
[PlyCount "140"]
[EventDate "2020.01.02"]
[EventType "tourn"]
[EventCountry "IRL"]
[SourceTitle "playchess.com"]
[Source "ChessBase"]
[SourceQuality "1"]

{[%evp 20,140,18,11,19,0,-1,-12,-12,-7,-3,-14,-6,0,0,-51,0,-33,-16,-58,-51,-133,-133,-133,-133,-135,-134,-166,-160,-248,-241,-242,-239,-303,-254,-255,-259,-258,-258,-266,-268,-258,-261,-241,-225,-218,-162,-162,-162,-162,-162,-164,-172,-172,-176,-183,-163,-183,-183,-181,-172,-172,-168,-170,-111,-111,-57,-100,-97,-125,-123,-146,-56,-131,-131,-150,-123,-127,-132,-221,-51,-57,-59,-58,-54,-89,-89,-123,-65,-378,-345,-385,-385,-352,-198,-440,-435,-385,-370,-370,-370,-820,-816,-792,-781,-1204,-941,-2560,-1754,-29957,-29956,-29948,-12771,-10023,-7039,-12320,-12328,-12320,-8114,-29950,-5714,-29964,-12320]} 1. e4 e5 2. Nf3 Nc6 3. Bc4 Nf6 4. d3 Bc5 5. O-O d6 6. c3 a6 7. Bb3 Ba7 8. Re1 O-O 9. h3 Be6 10. Nbd2 h6 11. Nf1 d5 {C54: Giuoco Piano: 4 c3 Nf6, main lines with 5 d4 and 5 d3} (11... Re8 {is interesting.} 12. Bxe6 Rxe6 13. Be3 Bxe3 14. Nxe3 a5) (11... Re8 12. N3h2 Qd7 13. Qf3 Kh7 14. Ng3 d5 15. Bc2 d4 16. Nf5 Bxf5 17. exf5 e4 18. dxe4 Ne5 19. Qd1 d3 20. Bb3 {0-1 (29) Andriasian,Z (2603)-Nakamura,H (2763) chess.com INT 2018}) 12. Ng3 (12. exd5 {looks sharper.} Nxd5 13. N1h2 Qd6 14. Ng4 Bxg4 15. hxg4 Nf6 16. Nh4) 12... dxe4 13. dxe4 Qxd1 {The position is equal.} 14. Rxd1 Bxb3 15. axb3 Rfd8 $146 ({Predecessor:} 15... Rad8 16. Rxd8 {1-0 (64) Mareckova,M (2114)-Coimbra,M (2156) Gaziantep 2012}) 16. Rxd8+ Rxd8 17. Bd2 (17. Kf1 $11) 17... a5 (17... Ne8 $15) 18. Be1 Nd7 19. Rd1 f6 20. Kf1 (20. b4 $15) 20... Nc5 $1 $36 {[%mdl 2048] Black has strong initiative.} 21. Rxd8+ Nxd8 22. Nd2 b5 {[%cal Bb7b5,Bb5b4][%mdl 32]} 23. Nf5 Nd3 24. c4 (24. Nb1 $17 {was necessary.}) 24... b4 $1 $19 25. Ke2 Nf4+ ({Don't do} 25... Nxb2 26. Nf3 $17) 26. Kf3 Bc5 27. h4 Nde6 28. g3 Nd3 $1 {[%csl LRb2,LRe1][%mdl 64] Double Attack} 29. Ke2 Nxb2 30. h5 Kf7 31. f3 Kf8 32. Nb1 a4 33. bxa4 Nxa4 ({Don't take} 33... Nxc4 34. Kd3 $17) 34. Nd2 {intending Nb3.} Nd4+ 35. Nxd4 Bxd4 {[%mdl 4096] Endgame KBN-KBN} 36. Nb3 c5 37. Na5 Ke8 38. Bd2 Kd7 39. Bc1 Kc7 40. Kd3 Nb6 41. f4 exf4 (41... Nd7 $19 42. Nb3 Bf2) 42. gxf4 $17 Kd6 (42... Nd7 $17 43. Bd2 Bg1) 43. Nb3 Bg1 44. Bb2 Nd7 45. Na5 Bh2 ({Black should try} 45... Ke7 $17 46. Bc1 Kd6) 46. Ke3 (46. Bc1 $15) 46... Ke7 47. Nb7 Nb6 48. Na5 Kf7 49. e5 (49. Bc1 $17 {was worth a try.} Bg1+ 50. Kd3) 49... Ke6 $2 ({Better is} 49... fxe5 $19 50. Bxe5 Nd7) 50. exf6 $1 $15 gxf6 51. Ke4 f5+ 52. Kf3 {[#]} Kf7 $1 53. Be5 {[#] Threatens to win with Kg2.} Bg1 ({Black should play} 53... Nd7 $1 $17 {[%cal Rd7e5]} 54. Ba1 Nf6 55. Bxf6 Kxf6) 54. Bd6 $2 {[%mdl 8192]} (54. Kg2 $1 $15 Bd4 55. Bxd4 cxd4 56. Kf3) 54... Nd7 $19 55. Nb3 Ke6 56. Bc7 {and the idea Ba5 leaves White hopeful.} Bd4 57. Bd8 $2 (57. Ke2) 57... Bf6 58. Bc7 Be7 59. Kg3 Nf6 60. Be5 $2 (60. Kf3) 60... Nxh5+ 61. Kf3 Bd6 62. Bxd6 Kxd6 {KN-KN} 63. Na5 Kc7 64. Ke3 Ng7 65. Nb3 Ne6 66. Nc1 Kb6 67. Nd3 Ka5 68. Ne1 h5 69. Ng2 b3 70. Kd3 Kb4 {Accuracy: White = 29%, Black = 70%.} 0-1

[Event "Irish New Year Events-GM 2020"]
[Site "Dublin"]
[Date "2020.01.04"]
[Round "5.5"]
[White "Brady, Stephen"]
[Black "Kosten, Anthony C."]
[Result "1/2-1/2"]
[WhiteElo "2285"]
[BlackElo "2402"]
[Annotator "ChessBase"]
[PlyCount "85"]
[EventDate "2020.01.02"]
[EventType "tourn"]
[EventCountry "IRL"]
[SourceTitle "playchess.com"]
[Source "ChessBase"]
[SourceQuality "1"]
[TimeControl "5400+30"]

1. e4 {[%emt 0:00:01]} e5 {[%emt 0:00:10]} 2. Nf3 {[%emt 0:00:05]} Nc6 {[%emt 0:00:05]} 3. Bc4 {[%emt 0:00:05]} Bc5 {[%emt 0:00:13]} 4. c3 {[%emt 0:00:06]} Nf6 {[%emt 0:00:10]} 5. d3 {[%emt 0:00:12]} O-O {[%emt 0:01:42]} 6. Nbd2 {[%emt 0:01:23]} a6 {[%emt 0:02:42]} 7. Bb3 {[%emt 0:00:43]} d5 {[%emt 0:01:11]} 8. Qe2 {[%emt 0:10:22]} Ba7 {[%emt 0:06:41]} 9. h3 {[%emt 0:13:15]} h6 {[%emt 0:02:11]} 10. O-O {[%emt 0:05:10]} Re8 {[%emt 0:03:31]} 11. Rd1 {[%emt 0:07:51]} Be6 {[%emt 0:13:04]} 12. Nf1 {[%emt 0:03:14]} Qe7 {[%emt 0:01:34]} 13. Ng3 {[%emt 0:05:02]} Rad8 {[%emt 0:03:41]} 14. Be3 {[%emt 0:10:41]} Bxe3 {[%emt 0:07:41]} 15. Qxe3 {[%emt 0:01:51]} Na5 {[%emt 0:06:36]} 16. Bxd5 {[%emt 0:13:13]} Nxd5 {[%emt 0:09:10]} 17. exd5 {[%emt 0:00:07]} Bxd5 {[%emt 0:00:18]} 18. Re1 {[%emt 0:04:26]} Nc6 {[%emt 0:00:22]} 19. b3 {[%emt 0:03:38]} Qd7 {[%emt 0:00:56]} 20. Rad1 {[%emt 0:10:38]} Re6 {[%emt 0:02:32]} 21. Nh4 {[%emt 0:02:13]} Ne7 {[%emt 0:04:47]} 22. d4 {[%emt 0:01:47]} exd4 {[%emt 0:03:06]} 23. Qxd4 {[%emt 0:00:08]} Rxe1+ {[%emt 0:00:32]} 24. Rxe1 {[%emt 0:00:04]} Be6 {[%emt 0:00:33]} 25. Nf3 {[%emt 0:00:34]} Nc6 {[%emt 0:01:20]} 26. Qf4 {[%emt 0:01:18]} Qd6 {[%emt 0:03:28]} 27. Qxd6 {[%emt 0:03:26]} Rxd6 {[%emt 0:00:20]} 28. Kf1 {[%emt 0:01:41]} Rd3 {[%emt 0:00:54]} 29. Re3 {[%emt 0:00:04]} Rxe3 {[%emt 0:04:01]} 30. fxe3 {[%emt 0:00:01]} Bd7 {[%emt 0:02:10]} 31. Ke2 {[%emt 0:00:19]} Kf8 {[%emt 0:04:08]} 32. e4 {[%emt 0:00:06]} g6 {[%emt 0:01:20]} 33. Ke3 {[%emt 0:00:13]} Ke7 {[%emt 0:01:03]} 34. Ne2 {[%emt 0:00:06]} Kd6 {[%emt 0:03:31]} 35. b4 {[%emt 0:00:54]} Ne5 {[%emt 0:01:04]} 36. Nxe5 {[%emt 0:00:27]} Kxe5 {[%emt 0:00:09]} 37. Nf4 {[%emt 0:00:24]} Bb5 {[%emt 0:01:38]} 38. h4 {[%emt 0:00:01]} g5 {[%emt 0:03:16]} 39. hxg5 {[%emt 0:00:06]} hxg5 {[%emt 0:00:05]} 40. Nh3 {[%emt 0:00:18]} f6 {[%emt 0:00:30]} 41. Nf2 {[%emt 0:00:06]} b6 {[%emt 0:01:25]} 42. Ng4+ {[%emt 0:00:15]} Ke6 {[%emt 0:00:07]} 43. g3 {[%emt 0:01:10]} 1/2-1/2

[Event "Irish New Year Events-GM 2020"]
[Site "Dublin"]
[Date "2020.01.05"]
[Round "6.1"]
[White "Collins, Sam E."]
[Black "Li, Henry"]
[Result "1/2-1/2"]
[WhiteElo "2446"]
[BlackElo "2288"]
[Annotator "TA"]
[PlyCount "91"]
[EventDate "2020.01.02"]
[EventType "tourn"]
[EventCountry "IRL"]
[SourceTitle "playchess.com"]
[Source "ChessBase"]
[SourceQuality "1"]

{[%evp 28,91,15,21,87,95,104,77,144,132,112,30,80,72,93,57,121,113,109,30,37,33,72,75,81,79,114,102,106,16,16,6,6,0,27,17,45,0,0,0,0,0,0,0,0,0,0,0,0,0,0,0,0,0,0,0,0,0,0,0,0,0,0,0,0,0]} 1. e4 e5 2. Nf3 Nc6 3. Bb5 a6 4. Ba4 Nf6 5. O-O Nxe4 6. d4 b5 7. Bb3 d5 8. dxe5 Be6 9. Qe2 Be7 10. Rd1 O-O 11. c4 bxc4 12. Bxc4 Bc5 13. Be3 Bxe3 14. Qxe3 Qb8 15. Bb3 $1 Rd8 {C81: Open Ruy Lopez: Keres Variation (9 Qe2)} (15... Qb6 $11) (15... Na5 16. Nbd2 Qa7 17. Nxe4 Qxe3 18. fxe3 Nxb3 19. axb3 dxe4 20. Nd4 Rfb8 21. Rdc1 Bxb3 22. Rxc7 Be6 23. Rd1 Rxb2 24. Nxe6 fxe6 {½-½ (59) Giri,A (2779)-Anand,V (2767) Zagreb 2019}) 16. Nc3 $16 Nxc3 17. Qxc3 Qb6 $146 ({Black should try} 17... Ne7) ({Predecessor:} 17... Ne7 18. Rac1 c6 19. Nd4 Qxe5 20. Nxc6 Nxc6 21. Qxc6 Qxb2 22. Bxd5 Bxd5 23. Rxd5 {0-1 (63) Vasiliev,O (2147)-Erichsen,D (2138) Dos Hermanas 2003}) 18. Rac1 Na5 19. Nd4 (19. Bc2 $16) 19... Nc4 20. h3 h6 21. Kh2 c5 (21... Bd7 $14) 22. Nxe6 ({But not} 22. Bxc4 $6 cxd4 23. Qb3 Qc7 $11) 22... Qxe6 23. Bxc4 (23. f4 $16) 23... dxc4 $11 24. f4 Rxd1 25. Rxd1 $14 {[%mdl 4096] Endgame KQR-KQR} Rb8 26. Qc2 c3 27. bxc3 Qc4 28. Qf5 (28. Qd2 $16) 28... Qxa2 $11 29. Rd6 Qc4 30. Qg4 {And now Rxh6 would win.} Kh8 31. Qg3 Re8 32. f5 Qe4 {The position is equal.} 33. f6 {[%csl Gf6][%cal Rg3g7] [#]} Qxe5 34. fxg7+ Qxg7 35. Rxa6 Qxg3+ 36. Kxg3 {KR-KR} Re3+ 37. Kf4 Rxc3 38. Rxh6+ Kg7 39. Rc6 c4 40. h4 Rc1 41. h5 c3 42. h6+ Kh7 43. Kg5 c2 44. Rc7 Rf1 45. Rxc2 f6+ 46. Kg4 {Accuracy: White = 40%, Black = 45%.} 1/2-1/2

[Event "Irish New Year Events-GM 2020"]
[Site "Dublin"]
[Date "2020.01.05"]
[Round "6.2"]
[White "Turner, Matthew J"]
[Black "Kosten, Anthony C."]
[Result "1-0"]
[WhiteElo "2521"]
[BlackElo "2402"]
[Annotator "ChessBase"]
[PlyCount "83"]
[EventDate "2020.01.02"]
[EventType "tourn"]
[EventCountry "IRL"]
[SourceTitle "playchess.com"]
[Source "ChessBase"]
[SourceQuality "1"]
[TimeControl "40/5400+30:1800+30"]

1. e4 {[%emt 0:00:00]} e5 {[%emt 0:00:00]} 2. Nf3 {[%emt 0:00:00]} Nc6 {[%emt 0:00:00]} 3. Bb5 {[%emt 0:00:05]} Nf6 {[%emt 0:09:19]} 4. O-O {[%emt 0:07:39]} Nxe4 {[%emt 0:00:10]} 5. Re1 {[%emt 0:00:20]} Nd6 {[%emt 0:00:30]} 6. Nxe5 {[%emt 0:00:25]} Be7 {[%emt 0:00:07]} 7. Bf1 {[%emt 0:01:01]} Nxe5 {[%emt 0:01:17]} 8. Rxe5 {[%emt 0:00:06]} O-O {[%emt 0:00:09]} 9. d4 {[%emt 0:00:26]} b6 {[%emt 0:04:50]} 10. Nc3 {[%emt 0:05:05]} Bb7 {[%emt 0:09:02]} 11. Bf4 {[%emt 0:04:36]} f5 {[%emt 0:08:52]} 12. Nd5 {[%emt 0:04:40]} Bxd5 {[%emt 0:25:02]} 13. Rxd5 {[%emt 0:00:17]} g6 {[%emt 0:00:19]} 14. Re5 {[%emt 0:13:14]} Nf7 {[%emt 0:00:48]} 15. Re1 {[%emt 0:00:57]} Bd6 {[%emt 0:02:08]} 16. Qf3 {[%emt 0:00:42]} Qf6 {[%emt 0:02:42]} 17. Bc4 {[%emt 0:03:07]} Qxd4 {[%emt 0:13:58]} 18. Bxd6 {[%emt 0:02:53]} cxd6 {[%emt 0:02:53]} 19. Qb3 {[%emt 0:04:15]} Rac8 {[%emt 0:01:06]} 20. Bd5 {[%emt 0:04:46]} Qf6 {[%emt 0:00:21]} 21. c3 {[%emt 0:00:48]} Kg7 {[%emt 0:01:55]} 22. Qa4 {[%emt 0:00:38]} Rc7 {[%emt 0:01:29]} 23. f4 {[%emt 0:01:46]} g5 {[%emt 0:01:45]} 24. Rad1 {[%emt 0:02:03]} gxf4 {[%emt 0:00:54]} 25. Bxf7 {[%emt 0:00:25]} Rxf7 {[%emt 0:00:26]} 26. Qxf4 {[%emt 0:00:11]} Rc6 {[%emt 0:01:15]} 27. Rd3 {[%emt 0:02:56]} Kf8 {[%emt 0:02:30]} 28. Rd5 {[%emt 0:03:49]} a6 {[%emt 0:02:24]} 29. a4 {[%emt 0:00:41]} Qg6 {[%emt 0:00:24]} 30. Re3 {[%emt 0:03:35]} Qg4 {[%emt 0:01:07]} 31. Qh6+ {[%emt 0:00:23]} Qg7 {[%emt 0:00:10]} 32. Qh4 {[%emt 0:00:45]} Qf6 {[%emt 0:00:41]} 33. Qf4 {[%emt 0:00:19]} Qg6 {[%emt 0:01:24]} 34. h3 {[%emt 0:03:32]} Rf6 {[%emt 0:01:20]} 35. b4 {[%emt 0:00:52]} Qf7 {[%emt 0:01:01]} 36. c4 {[%emt 0:06:34]} b5 {[%emt 0:01:28]} 37. axb5 {[%emt 0:02:06]} axb5 {[%emt 0:00:05]} 38. Rxb5 {[%emt 0:00:25]} Rxc4 {[%emt 0:00:08]} 39. Rb8+ {[%emt 0:00:08]} Kg7 {[%emt 0:00:11]} 40. Rg3+ {[%emt 0:00:14]} Rg6 {[%emt 0:00:17]} 41. Qxd6 {[%emt 0:30:17]} f4 {[%emt 0:33:48]} 42. Rxg6+ {[%emt 0:00:11]} 1-0